Statistics for Airlines Serving Montreal (YUL)

Click here to take the quiz!

General Stats

  • This quiz has been taken 109 times
    (62 since last reset)
  • The average score is 18 of 33

Answer Stats

Airline% Correct
Air Canada
100%
Air France
95%
American Airlines
93%
Delta Airlines
89%
United Airlines
86%
British Airways
84%
Lufthansa
84%
WestJet
84%
Aeromexico
77%
Air Transat
75%
KLM
70%
Qatar Airlines
70%
Air China
64%
Sunwing Airlines
64%
Swiss International Air Lines
64%
TAP Air Portugal
59%
Turkish Airlines
59%
Austrian Airlines
57%
Air Inuit
45%
Copa Airlines
43%
Icelandair
43%
Air Algerie
41%
Porter Airlines
41%
Royal Jordanian
39%
Tunisair
39%
Pascan Aviation
30%
PAL Airlines
27%
Air Creebec
25%
Corsair International
23%
Azores Airlines
20%
Air Saint-Pierre
18%
Canadian North
18%
Royal Air Moroc
16%

Score Distribution

Percentile by Number Answered

Percent of People with Each Score

Your Score History

You have not taken this quiz since the last reset